000
00513nam a2200181Ia 4500
008
090123s9999 xx 000 0 und d
082
_b
1024
100
_a
माडगूळकर व्यंकटेश
245
_a
सती
250
_a
1
260
_b
कुलकर्णी अ.अ.
300
_a
56
600
_a
माडगूळकर व्यंकटेश
630
_a
सती
700
_a
माडगूळकर व्यंकटेश
730
_a
सती
942
_c
BOOK
999
_c
39109
_d
39109